| 000 | 00471nam a2200181 a 4500 | ||
|---|---|---|---|
| 005 | 20210219153334.0 | ||
| 008 | 991125n 000 0 u | ||
| 035 | _aUPN01000092215 | ||
| 222 | _aGRADE TEACHER | ||
| 245 | _aPhysical education: seven nute warm-up | ||
| 300 | _a60-66 | ||
| 362 | _a1968 Vol. 85, no. 7 mar. | ||
| 653 | 0 | _aEDUCACION FISICA | |
| 653 | 0 | _aEDUCACION PRIMARIA | |
| 653 | 0 | _aEJERCICIOS FISICOS | |
| 904 |
_aAC _b030026 |
||
| 905 | _aArticulo | ||
| 999 |
_c74334 _d74334 |
||